Statistics for Gemini Astronauts

Click here to take the quiz!

General Stats

  • This quiz has been taken 148 times
  • The average score is 14 of 20

Answer Stats

Mission and RoleAnswer% Correct
Gemini III CommanderVirgil I. "Gus" Grissom
95%
Gemini VIII CommanderNeil A. Armstrong
89%
Gemini IV PilotEdward H. White
86%
Gemini VII PilotJames A. Lovell
84%
Gemini X PilotMichael Collins
84%
Gemini XII PilotEdwin R. "Buzz" Aldrin
83%
Gemini VII CommanderFrank Borman
80%
Gemini III PilotJohn W. Young
78%
Gemini V CommanderGordon Cooper
77%
Gemini V PilotCharles "Pete" Conrad
73%
Gemini IX PilotEugene A. Cernan
72%
Gemini VI-A CommanderWalter M Schirra
72%
Gemini VIII PilotDavid R. Scott
67%
Gemini VI-A PilotThomas P. Stafford
59%
Gemini IV CommanderJames A. McDivitt
53%
Gemini X CommanderJohn W. Young
53%
Gemini XI CommanderCharles "Pete" Conrad
52%
Gemini XI PilotRichard F. Gordon
48%
Gemini XII CommanderJames A. Lovell
47%
Gemini IX CommanderThomas P. Stafford
47%

Score Distribution

Percentile by Number Answered

Percent of People with Each Score

Your Score History

You have not taken this quiz